00479nam a22001337a 4500003000400000008004100004020001800045082001600063100003200079245009500111260004100206300001700247650008100264OSt260514b |||||||| |||| 00| 0 eng d a9783030872298 a639.3bS81A a Steinberg, Christian E.W.  aAquatic Animal Nutrition: Organic Macro- and Micro-Nutrients/bby Christian E.W. Steinberg aSwitzerland:bSpringer Nature;c2022 axvi, 1084 p. aTechnology (Applied Sciences) | Agriculture and Related Technologies | Fish